|
|
|
|
| LEADER |
00000nas a22000007a 4500 |
| 001 |
ssj0000399525 |
| 003 |
WaSeSS |
| 005 |
20200512172242.0 |
| 006 |
m d |
| 007 |
cr n |
| 008 |
051006c20049999coumr pss 0 a0eng c |
| 010 |
|
|
|a 2005214304
|
| 022 |
|
|
|a 1558-5581
|l 1551-9287
|y 1551-9287
|
| 035 |
|
|
|a (WaSeSS)ssj0000399525
|
| 037 |
|
|
|b Wiesner Publishing, LLC, 7009 S. Potomac Street, Centennial, CO 80112
|
| 040 |
|
|
|a NSD
|b eng
|c NSD
|d OCLCS
|d OCLCQ
|d VT2
|d OCLCO
|d OCLCF
|d OCLCQ
|d OCLCA
|d WaSeSS
|
| 042 |
|
|
|a pcc
|a nsdp
|
| 082 |
1 |
0 |
|a 380
|2 13
|
| 130 |
0 |
|
|a Boomer market advisor (Online)
|
| 222 |
|
0 |
|a Boomer market advisor
|b (Online)
|
| 245 |
1 |
0 |
|a Boomer market advisor
|h [electronic resource].
|
| 260 |
|
|
|a Centennial, CO :
|b Wiesner Pub.
|
| 310 |
|
|
|a Monthly
|
| 362 |
1 |
|
|a Print began in 2004.
|
| 500 |
|
|
|a Title from title banner (Wiesner Boomer website viewed Oct. 6, 2005).
|
| 506 |
|
|
|a License restrictions may limit access.
|
| 538 |
|
|
|a Mode of access: World Wide Web.
|
| 588 |
|
|
|a Latest issue consulted: Sept. 2005 (viewed Wiesner Boomer website Oct. 6, 2005).
|
| 650 |
|
0 |
|a Variable annuities
|v Periodicals.
|
| 650 |
|
0 |
|a Baby boom generation
|x Finance, Personal
|v Periodicals.
|
| 650 |
|
7 |
|a Baby boom generation
|x Finance, Personal.
|2 fast
|0 (OCoLC)fst00824993
|
| 650 |
|
7 |
|a Variable annuities.
|2 fast
|0 (OCoLC)fst01164164
|
| 655 |
|
0 |
|a Electronic journals.
|
| 776 |
1 |
|
|t Boomer market advisor
|x 1551-9287
|w (DLC) 2004213148
|w (OCoLC)56325960
|
| 856 |
4 |
0 |
|z Full text available from Research Library: 01/01/2010 to 07/31/2010
|u https://search.proquest.com/publication/196190
|